000 00295nam a2200121Ia 4500
005 20260328104311.0
008 260328s9999||||xx |||||||||||||| ||und||
100 _aFahey, John
245 0 _aPersians :
_bmadters of empire /
_cJohn Fahey
260 _bTime Life
650 _aPERSIA
942 _cREF
999 _c10977
_d10977